Comentários ao Estatuto do servidor público federal atualizado Lei 8.112/90 : (Record no. 679)
[ view plain ]
| 000 -LÍDER | |
|---|---|
| Campo Fixo de Controle | 01285nam a2200277 a 4500 |
| 001 - NÚMERO DE CONTROLE | |
| Campo de Controle | 679 |
| 003 - IDENTIFICAÇÃO DO NÚMERO DE CONTROLE | |
| Campo de Controle | BR-CuiBMT |
| 005 - DATA E HORA DA ÚLTIMA ATUALIZAÇÃO | |
| Campo de Controle | 20231127144712.0 |
| 008 - DADOS FIXOS | |
| Dados Fixos | 231113b2010 prb 000 0 por d |
| 020 ## - INTERNATIONAL STANDARD BOOK NUMBER | |
| Nº do ISBN | 9788536227832 |
| 040 ## - AGÊNCIA CATALOGADORA | |
| Código da Agência Catalogadora | BR-CuiBMT |
| Agência que transcreveu o registro | BR-CuiBMT |
| 080 ## - Nº DA CLASSIFICAÇÃO DECIMAL UNIVERSAL | |
| Nº edição CDU | 2007 |
| Nº Class. CDU | 35.087 |
| 090 ## - NÚMERO DE CHAMADA | |
| Nº classificação | 35.087 |
| Cutter | B817c |
| 100 1# - ENTRADA PRINCIPAL -- AUTOR PESSOAL | |
| Nome pessoal | Brandão, Júlio Cezar Lima |
| 245 00 - TÍTULO PRINCIPAL | |
| Título principal | Comentários ao Estatuto do servidor público federal atualizado Lei 8.112/90 : |
| Subtítulo | direitos, deveres, proibições, vantagens, processo disciplinar, seguridade social e aposentadoria / |
| Indicação de responsabilidade | Júlio Cezar Lima Brandão. |
| 260 ## - PUBLICAÇÃO, DISTRIBUIÇÃO, ETC. | |
| Local de publicação | Curitiba : |
| Editora | Juruá, |
| Data | 2010. |
| 300 ## - DESCRIÇÃO FÍSICA | |
| N. páginas ou volumes | 495 p. ; |
| Dimensões | 22 cm |
| 500 ## - NOTAS GERAIS | |
| Notas gerais | Doutrina, jurisprudência, prática do processo administrativo disciplinar e remissões do Estatuto do policial civil, ao Estatuto dos servidores públicos civis e ao Regime disciplinar dos servidores do Sistema de segurança pública do Amazonas. |
| 504 ## - NOTA DE BIBLIOGRAFIA, ETC. | |
| Nota de bibliografia | Inclui bibliografia e índice. |
| 650 ## - ASSUNTO TÓPICO | |
| Cabeçalho tópico ou nome geográfico | Estatuto dos funcionários públicos |
| Subdivisão geográfica | Brasil |
| 650 ## - ASSUNTO TÓPICO | |
| Cabeçalho tópico ou nome geográfico | Servidores públicos |
| Subdivisão geral | Regime jurídico |
| Subdivisão geográfica | Brasil |
| 650 ## - ASSUNTO TÓPICO | |
| Cabeçalho tópico ou nome geográfico | Servidores públicos |
| Subdivisão geral | Legislação |
| Subdivisão geográfica | Brasil |
| 650 ## - ASSUNTO TÓPICO | |
| Cabeçalho tópico ou nome geográfico | Servidores públicos |
| Subdivisão geral | Direitos e deveres |
| Subdivisão geográfica | Brasil |
| 650 ## - ASSUNTO TÓPICO | |
| Cabeçalho tópico ou nome geográfico | Servidor público |
| Subdivisão geral | Aposentadoria |
| Subdivisão geográfica | Brasil |
| 942 ## - ELEMENTOS DE ENTRADA ADICIONAIS (KOHA) | |
| Fonte de classificação ou esquema de arquivamento | Classificação Decimal Universal |
| Tipo de item do Koha | Livros |
| Estado: removido | Estado: perdido | Fonte de classificação ou esquema de arquivamento | Estado: danificado | Indisponível para empréstimo | Localização permanente | Localização atual | Data de aquisição | Total Checkouts | Número de Chamada completo | Código de barras | Date last seen | Número do exemplar | Preço efetivo a partir de | Tipo de item (Koha) |
|---|---|---|---|---|---|---|---|---|---|---|---|---|---|---|
| Classificação Decimal Universal | Biblioteca da Escola Superior de Contas do TCE/MT | Biblioteca da Escola Superior de Contas do TCE/MT | 17/10/2018 | 35.087 B817c | BIBTCEMT23110523 | 13/11/2023 | Ex. 1 | 13/11/2023 | Livros |